{"text_format":"3","workbook":"xlsx","n_sheets":1,"sheets":["t90"],"read":"whole","date_system":"1900"}

{"sheet":"t90","index":0,"n_rows":185,"n_cols":7,"rows_kept":185,"merged":[[0,0,0,6],[30,0,30,5],[46,0,46,5],[149,0,149,5]]}
["TABELA 90.1 - Estatísticas Agrícolas, Município de Brodowski, Estado de São Paulo, 2007/08."]
["ITEM","UNIDADE","N.DE UPAs","MÍNIMO","MÉDIO","MÁXIMO","TOTAL"]
["Distância à sede do município","km",455,0.5,{"v":6.94,"d":"6.9"},26.8,"-"]
["Área total","hectare",455,0.5,{"v":59.75,"d":"59.8"},{"v":2478.7,"d":"2,478.7"},{"v":27186.6,"d":"27,186.6"}]
["Área com cultura perene","hectare",167,0.3,{"v":7.14,"d":"7.1"},{"v":70,"d":"70.0"},{"v":1192,"d":"1,192.0"}]
["Área com cultura temporária","hectare",332,0.1,{"v":45.28,"d":"45.3"},{"v":1922.2,"d":"1,922.2"},{"v":15032.7,"d":"15,032.7"}]
["Área com pastagem","hectare",288,0.1,{"v":26.35,"d":"26.4"},411.2,{"v":7587.8,"d":"7,587.8"}]
["Área com reflorestamento","hectare",18,0.1,{"v":10.81,"d":"10.8"},149.7,194.6]
["Área com vegetação natural","hectare",172,0.1,14.6,295.1,{"v":2511.1,"d":"2,511.1"}]
["Área com vegetação de brejo e várzea","hectare",12,0.1,{"v":6.33,"d":"6.3"},{"v":50,"d":"50.0"},75.9]
["Área em descanso","hectare",3,{"v":1,"d":"1.0"},{"v":1.67,"d":"1.7"},{"v":2,"d":"2.0"},{"v":5,"d":"5.0"}]
["Área complementar","hectare",352,0.1,{"v":1.67,"d":"1.7"},50.5,587.5]
["Área das UPAs com (0, 1] ha","hectare",6,0.5,{"v":0.62,"d":"0.6"},0.8,3.7]
["Área das UPAs com (1, 2] ha","hectare",13,1.2,{"v":1.77,"d":"1.8"},{"v":2,"d":"2.0"},{"v":23,"d":"23.0"}]
["Área das UPAs com (2, 5] ha","hectare",67,2.2,{"v":3.87,"d":"3.9"},{"v":5,"d":"5.0"},259.4]
["Área das UPAs com (5, 10] ha","hectare",74,5.1,7.6,{"v":10,"d":"10.0"},562.7]
["Área das UPAs com (10, 20] ha","hectare",88,10.1,{"v":14.91,"d":"14.9"},19.3,{"v":1312,"d":"1,312.0"}]
["Área das UPAs com (20, 50] ha","hectare",121,20.2,{"v":30.54,"d":"30.5"},{"v":50,"d":"50.0"},{"v":3695.8,"d":"3,695.8"}]
["Área das UPAs com (50, 100] ha","hectare",28,51.2,{"v":69.45,"d":"69.5"},99.2,{"v":1944.5,"d":"1,944.5"}]
["Área das UPAs com (100, 200] ha","hectare",25,107.6,{"v":148.74,"d":"148.7"},198.7,{"v":3718.5,"d":"3,718.5"}]
["Área das UPAs com (200, 500] ha","hectare",27,200.2,{"v":332.52,"d":"332.5"},{"v":500,"d":"500.0"},{"v":8978.1,"d":"8,978.1"}]
["Área das UPAs com (500, 1.000] ha","hectare",4,{"v":592,"d":"592.0"},{"v":725.15,"d":"725.2"},812.6,{"v":2900.6,"d":"2,900.6"}]
["Área das UPAs com (1.000, 2.000] ha","hectare",1,{"v":1309.6,"d":"1,309.6"},{"v":1309.6,"d":"1,309.6"},{"v":1309.6,"d":"1,309.6"},{"v":1309.6,"d":"1,309.6"}]
["Área das UPAs com (2.000, 5.000] ha","hectare",1,{"v":2478.7,"d":"2,478.7"},{"v":2478.7,"d":"2,478.7"},{"v":2478.7,"d":"2,478.7"},{"v":2478.7,"d":"2,478.7"}]
["Área das UPAs com (5.000, 10.000] ha","hectare","-","-","-","-","-"]
["Área das UPAs acima de 10.000 ha","hectare","-","-","-","-","-"]
["Familiares do proprietário que trabalham na UPA","unidade",419,{"v":1,"d":"1.0"},1.6,{"v":8,"d":"8.0"},{"v":672,"d":"672.0"}]
["Trabalhadores permanentes","unidade",123,{"v":1,"d":"1.0"},{"v":1.98,"d":"2.0"},{"v":20,"d":"20.0"},{"v":244,"d":"244.0"}]
["Fonte: Secretaria de Agricultura e Abastecimento, CDRS/IEA, Projeto LUPA."]
[]
["TABELA 90.2 - Explorações Animais, Município de Brodowski, Estado de São Paulo, 2007/08."]
["ITEM","UNIDADE","N.DE UPAs","MÍNIMO","MÉDIO","MÁXIMO","TOTAL"]
["Asininos E Muares","cabeças",5,{"v":1,"d":"1.0"},2.2,{"v":4,"d":"4.0"},{"v":11,"d":"11.0"}]
["Avicultura de Corte","cabeças/ano",11,{"v":13000,"d":"13,000.0"},{"v":23636.36,"d":"23,636.4"},{"v":34000,"d":"34,000.0"},{"v":260000,"d":"260,000.0"}]
["Avicultura Ornamental/Decorativa/Exótica","cabeças",1,{"v":4,"d":"4.0"},{"v":4,"d":"4.0"},{"v":4,"d":"4.0"},{"v":4,"d":"4.0"}]
["Avicultura para Ovos","cabeças",7,{"v":12,"d":"12.0"},{"v":17441.71,"d":"17,441.7"},{"v":40000,"d":"40,000.0"},{"v":122092,"d":"122,092.0"}]
["Bovinocultura de Corte","cabeças",132,{"v":1,"d":"1.0"},{"v":68.58,"d":"68.6"},{"v":764,"d":"764.0"},{"v":9053,"d":"9,053.0"}]
["Bovinocultura Leiteira","cabeças",40,{"v":1,"d":"1.0"},{"v":19.85,"d":"19.9"},{"v":80,"d":"80.0"},{"v":794,"d":"794.0"}]
["Bovinocultura Mista","cabeças",81,{"v":1,"d":"1.0"},{"v":42.27,"d":"42.3"},{"v":371,"d":"371.0"},{"v":3424,"d":"3,424.0"}]
["Caprinocultura","cabeças",2,{"v":5,"d":"5.0"},{"v":6,"d":"6.0"},{"v":7,"d":"7.0"},{"v":12,"d":"12.0"}]
["Codornicultura","cabeças",1,{"v":25000,"d":"25,000.0"},{"v":25000,"d":"25,000.0"},{"v":25000,"d":"25,000.0"},{"v":25000,"d":"25,000.0"}]
["Equinocultura","cabeças",138,{"v":1,"d":"1.0"},{"v":4.05,"d":"4.1"},{"v":92,"d":"92.0"},{"v":559,"d":"559.0"}]
["Ovinocultura","cabeças",19,{"v":1,"d":"1.0"},{"v":39.53,"d":"39.5"},{"v":400,"d":"400.0"},{"v":751,"d":"751.0"}]
["Suinocultura","cabeças",49,{"v":1,"d":"1.0"},{"v":23.35,"d":"23.4"},{"v":200,"d":"200.0"},{"v":1144,"d":"1,144.0"}]
["Fonte: Secretaria de Agricultura e Abastecimento, CDRS/IEA, Projeto LUPA."]
[]
["TABELA 90.3 -  Máquinas, Implementos e Benfeitorias, Município de Brodowski, Estado de São Paulo, 2007/08."]
["ITEM","UNIDADE","N.DE UPAs","MÍNIMO","MÉDIO","MÁXIMO","TOTAL"]
["Arado Comum (Bacia, Aiveca)","Unidade",98,{"v":1,"d":"1.0"},{"v":1.08,"d":"1.1"},{"v":3,"d":"3.0"},{"v":106,"d":"106.0"}]
["Arado Escarificador","Unidade",26,{"v":1,"d":"1.0"},{"v":1.19,"d":"1.2"},{"v":3,"d":"3.0"},{"v":31,"d":"31.0"}]
["Arado Subsolador","Unidade",19,{"v":1,"d":"1.0"},{"v":1,"d":"1.0"},{"v":1,"d":"1.0"},{"v":19,"d":"19.0"}]
["Batedeira de Cereais","Unidade",5,{"v":1,"d":"1.0"},{"v":1,"d":"1.0"},{"v":1,"d":"1.0"},{"v":5,"d":"5.0"}]
["Câmara Fria","Unidade",1,{"v":1,"d":"1.0"},{"v":1,"d":"1.0"},{"v":1,"d":"1.0"},{"v":1,"d":"1.0"}]
["Carregadeira de Cana","Unidade",1,{"v":1,"d":"1.0"},{"v":1,"d":"1.0"},{"v":1,"d":"1.0"},{"v":1,"d":"1.0"}]
["Colhedeira Acoplada","Unidade",1,{"v":1,"d":"1.0"},{"v":1,"d":"1.0"},{"v":1,"d":"1.0"},{"v":1,"d":"1.0"}]
["Colhedeira Automotriz","Unidade",9,{"v":1,"d":"1.0"},{"v":1.22,"d":"1.2"},{"v":3,"d":"3.0"},{"v":11,"d":"11.0"}]
["Conj.Irrigação Convencional","Unidade",5,{"v":1,"d":"1.0"},1.2,{"v":2,"d":"2.0"},{"v":6,"d":"6.0"}]
["Conj.Irrigação/Gotejamento/Microaspersão","Unidade",1,{"v":1,"d":"1.0"},{"v":1,"d":"1.0"},{"v":1,"d":"1.0"},{"v":1,"d":"1.0"}]
["Conjunto de Fenação","Unidade",4,{"v":1,"d":"1.0"},{"v":1,"d":"1.0"},{"v":1,"d":"1.0"},{"v":4,"d":"4.0"}]
["Desintegrador de Palha (Plantio Direto)","Unidade",2,{"v":1,"d":"1.0"},{"v":1,"d":"1.0"},{"v":1,"d":"1.0"},{"v":2,"d":"2.0"}]
["Desintegrador, Picador, Triturador","Unidade",154,{"v":1,"d":"1.0"},1.1,{"v":4,"d":"4.0"},{"v":169,"d":"169.0"}]
["Distribuidor de Calcário","Unidade",13,{"v":1,"d":"1.0"},{"v":1.15,"d":"1.2"},{"v":2,"d":"2.0"},{"v":15,"d":"15.0"}]
["Ensiladeira","Unidade",33,{"v":1,"d":"1.0"},{"v":1.09,"d":"1.1"},{"v":4,"d":"4.0"},{"v":36,"d":"36.0"}]
["Grade Aradora (Tipo Romi)","Unidade",24,{"v":1,"d":"1.0"},{"v":1.25,"d":"1.3"},{"v":4,"d":"4.0"},{"v":30,"d":"30.0"}]
["Grade Niveladora","Unidade",87,{"v":1,"d":"1.0"},{"v":1.14,"d":"1.1"},{"v":6,"d":"6.0"},{"v":99,"d":"99.0"}]
["Implementos para Tração Animal","Unidade",2,{"v":1,"d":"1.0"},{"v":1,"d":"1.0"},{"v":1,"d":"1.0"},{"v":2,"d":"2.0"}]
["Microtrator","Unidade",4,{"v":1,"d":"1.0"},{"v":1.25,"d":"1.3"},{"v":2,"d":"2.0"},{"v":5,"d":"5.0"}]
["Misturador de Ração","Unidade",10,{"v":1,"d":"1.0"},{"v":1,"d":"1.0"},{"v":1,"d":"1.0"},{"v":10,"d":"10.0"}]
["Ordenhadeira Mecânica","Unidade",10,{"v":1,"d":"1.0"},1.1,{"v":2,"d":"2.0"},{"v":11,"d":"11.0"}]
["Pulverizador Tratorizado","Unidade",48,{"v":1,"d":"1.0"},{"v":1.29,"d":"1.3"},{"v":4,"d":"4.0"},{"v":62,"d":"62.0"}]
["Resfriador de Leite, Tanque Expansão","Unidade",24,{"v":1,"d":"1.0"},{"v":1.08,"d":"1.1"},{"v":2,"d":"2.0"},{"v":26,"d":"26.0"}]
["Semeadeira/Adubadeira para Plantio Convencional","Unidade",34,{"v":1,"d":"1.0"},{"v":1.12,"d":"1.1"},{"v":3,"d":"3.0"},{"v":38,"d":"38.0"}]
["Semeadeira/Plantadeira Plantio Direto","Unidade",10,{"v":1,"d":"1.0"},{"v":1,"d":"1.0"},{"v":1,"d":"1.0"},{"v":10,"d":"10.0"}]
["Terraceador","Unidade",1,{"v":1,"d":"1.0"},{"v":1,"d":"1.0"},{"v":1,"d":"1.0"},{"v":1,"d":"1.0"}]
["Trator de Esteiras","Unidade",2,{"v":1,"d":"1.0"},{"v":1,"d":"1.0"},{"v":1,"d":"1.0"},{"v":2,"d":"2.0"}]
["Trator de Pneus","Unidade",163,{"v":1,"d":"1.0"},{"v":1.53,"d":"1.5"},{"v":8,"d":"8.0"},{"v":249,"d":"249.0"}]
["Açude/Represa","Unidade",74,{"v":1,"d":"1.0"},{"v":1.32,"d":"1.3"},{"v":5,"d":"5.0"},{"v":98,"d":"98.0"}]
["Almoxarifado/Oficina","Unidade",13,{"v":1,"d":"1.0"},{"v":1.23,"d":"1.2"},{"v":2,"d":"2.0"},{"v":16,"d":"16.0"}]
["Armazém para Grãos Ensacados","Sacas",11,{"v":1,"d":"1.0"},{"v":385.45,"d":"385.5"},{"v":2000,"d":"2,000.0"},{"v":4240,"d":"4,240.0"}]
["Balança para Bovinos","Unidade",7,{"v":1,"d":"1.0"},{"v":1,"d":"1.0"},{"v":1,"d":"1.0"},{"v":7,"d":"7.0"}]
["Barracão para Granja/Avicultura","Unidade",19,{"v":1,"d":"1.0"},{"v":2.53,"d":"2.5"},{"v":7,"d":"7.0"},{"v":48,"d":"48.0"}]
["Barracão/Galpão/Garagem","Unidade",117,{"v":1,"d":"1.0"},{"v":1.26,"d":"1.3"},{"v":4,"d":"4.0"},{"v":148,"d":"148.0"}]
["Casa de Moradia Habitada","Unidade",233,{"v":1,"d":"1.0"},{"v":1.46,"d":"1.5"},{"v":11,"d":"11.0"},{"v":340,"d":"340.0"}]
["Casa de Moradia Total","Unidade",296,{"v":1,"d":"1.0"},{"v":2.01,"d":"2.0"},{"v":15,"d":"15.0"},{"v":595,"d":"595.0"}]
["Curral/Mangueira","Unidade",223,{"v":1,"d":"1.0"},{"v":1.11,"d":"1.1"},{"v":4,"d":"4.0"},{"v":248,"d":"248.0"}]
["Depósito/Tulha","Unidade",191,{"v":1,"d":"1.0"},{"v":1.06,"d":"1.1"},{"v":4,"d":"4.0"},{"v":203,"d":"203.0"}]
["Engenho","Unidade",1,{"v":1,"d":"1.0"},{"v":1,"d":"1.0"},{"v":1,"d":"1.0"},{"v":1,"d":"1.0"}]
["Estábulo","Unidade",17,{"v":1,"d":"1.0"},{"v":1.94,"d":"1.9"},{"v":10,"d":"10.0"},{"v":33,"d":"33.0"}]
["Estufa/Plasticultura","m²",3,{"v":1,"d":"1.0"},{"v":1,"d":"1.0"},{"v":1,"d":"1.0"},{"v":3,"d":"3.0"}]
["Fábrica de Ração","Unidade",2,{"v":1,"d":"1.0"},{"v":1,"d":"1.0"},{"v":1,"d":"1.0"},{"v":2,"d":"2.0"}]
["Instalações para Equinos","Unidade",10,{"v":1,"d":"1.0"},{"v":2,"d":"2.0"},{"v":4,"d":"4.0"},{"v":20,"d":"20.0"}]
["Máquina de Benefício","Unidade",10,{"v":1,"d":"1.0"},1.2,{"v":2,"d":"2.0"},{"v":12,"d":"12.0"}]
["Pocilga","Unidade",48,{"v":1,"d":"1.0"},{"v":1.17,"d":"1.2"},{"v":4,"d":"4.0"},{"v":56,"d":"56.0"}]
["Poço Semi-Artesiano","Unidade",11,{"v":1,"d":"1.0"},{"v":1,"d":"1.0"},{"v":1,"d":"1.0"},{"v":11,"d":"11.0"}]
["Secador de Grãos","Unidade",2,{"v":1,"d":"1.0"},{"v":1,"d":"1.0"},{"v":1,"d":"1.0"},{"v":2,"d":"2.0"}]
["Silo para Grãos","t",2,{"v":260,"d":"260.0"},265.5,{"v":271,"d":"271.0"},{"v":531,"d":"531.0"}]
["Silo para Silagem","t",14,{"v":1,"d":"1.0"},201.5,{"v":750,"d":"750.0"},{"v":2821,"d":"2,821.0"}]
["Terreiro","m²",107,{"v":40,"d":"40.0"},{"v":903.63,"d":"903.6"},{"v":12100,"d":"12,100.0"},{"v":96688,"d":"96,688.0"}]
["Fonte: Secretaria de Agricultura e Abastecimento, CDRS/IEA, Projeto LUPA."]
[]
["TABELA 90.4 - Outras Estatísticas Agrícolas, Município de Brodowski, Estado de São Paulo, 2007/08."]
["ITEM","Número de UPAs",null,"Percentual"]
["Faz Parte de Associação de Produtores",83,null,{"v":18.24175824175824,"d":"18.2"}]
["Faz Parte de Cooperativa de Produtores",183,null,{"v":40.21978021978022,"d":"40.2"}]
["Faz Parte do Sindicato de Produtores",66,null,{"v":14.505494505494505,"d":"14.5"}]
["Não utiliza assistência técnica ",170,null,{"v":37.362637362637365,"d":"37.4"}]
["Utiliza somente assistência técnica governamental ",166,null,{"v":36.48351648351648,"d":"36.5"}]
["Utiliza somente assistência técnica privada ",44,null,{"v":9.67032967032967,"d":"9.7"}]
["Utiliza assistência técnica tanto governamental quanto privada",75,null,{"v":16.483516483516482,"d":"16.5"}]
["Utiliza Crédito Rural",76,null,{"v":16.7032967032967,"d":"16.7"}]
["Utiliza Seguro Rural",16,null,{"v":3.516483516483517,"d":"3.5"}]
["Utiliza Escrituração Agrícola",247,null,{"v":54.285714285714285,"d":"54.3"}]
["Acessa Internet p/ Fins na Agropecuária",35,null,{"v":7.6923076923076925,"d":"7.7"}]
["Utiliza Computador nas Atividades Agropecuárias",27,null,{"v":5.934065934065934,"d":"5.9"}]
["Utiliza Energia Elétrica Para Uso na Atividade Agrícola",330,null,{"v":72.52747252747253,"d":"72.5"}]
["Realiza Análise de Solo, quando necessário",351,null,{"v":77.14285714285714,"d":"77.1"}]
["Utiliza Práticas de Conservação de Solo, quando necessário",378,null,{"v":83.07692307692307,"d":"83.1"}]
["Faz Adubação Mineral, quando necessário",312,null,{"v":68.57142857142857,"d":"68.6"}]
["Faz Adubação Orgânica, quando necessário",152,null,{"v":33.4065934065934,"d":"33.4"}]
["Faz Adubação Verde, quando necessário",7,null,{"v":1.5384615384615383,"d":"1.5"}]
["Utiliza Manejo Integrado de Pragas (MIP)",9,null,{"v":1.9780219780219779,"d":"2.0"}]
["Utiliza Hidroponia","-",null,"-"]
["Utiliza Plasticultura",9,null,{"v":1.9780219780219779,"d":"2.0"}]
["Utiliza Mudas Fiscalizadas",222,null,{"v":48.79120879120879,"d":"48.8"}]
["Utiliza Semente Melhorada",98,null,{"v":21.53846153846154,"d":"21.5"}]
["Faz Confinamento de Bovinos",24,null,{"v":5.274725274725275,"d":"5.3"}]
["Utiliza Pastejo Intensivo",31,null,{"v":6.813186813186814,"d":"6.8"}]
["Faz Inseminação Artificial",9,null,{"v":1.9780219780219779,"d":"2.0"}]
["Faz Mineralização do Rebanho",238,null,{"v":52.3076923076923,"d":"52.3"}]
["Faz Vermifugação do Rebanho",235,null,{"v":51.64835164835165,"d":"51.6"}]
["Possui Parceiros /Arrendatários na Exploração Animal",77,null,{"v":16.923076923076923,"d":"16.9"}]
["Esporte e lazer",2,null,{"v":0.4395604395604396,"d":"0.4"}]
["Extração mineral","-",null,"-"]
["Hotel Fazenda, Pousada ou SPA",1,null,{"v":0.2197802197802198,"d":"0.2"}]
["Pesque-pague",1,null,{"v":0.2197802197802198,"d":"0.2"}]
["Restaurante ou Lanchonete","-",null,"-"]
["Transformação artesanal","-",null,"-"]
["Turismo rural ou ecoturismo","-",null,"-"]
["Outras atividades econômicas rurais",1,null,{"v":0.2197802197802198,"d":"0.2"}]
["Agroindústria",1,null,{"v":0.2197802197802198,"d":"0.2"}]
["Proprietário sem instrução ou com instrução incompleta",8,null,{"v":1.7582417582417584,"d":"1.8"}]
["Proprietário com antigo primário completo",209,null,{"v":45.934065934065934,"d":"45.9"}]
["Proprietário com 1° grau (ou antigo ginasial) completo",33,null,{"v":7.252747252747253,"d":"7.3"}]
["Proprietário com 2° grau (ou antigo colegial) completo",82,null,{"v":18.021978021978022,"d":"18.0"}]
["Proprietário com curso superior completo ",113,null,{"v":24.835164835164836,"d":"24.8"}]
["Pessoa Jurídica",10,null,{"v":2.1978021978021975,"d":"2.2"}]
["Proprietário residente na própria UPA ",55,null,{"v":12.087912087912088,"d":"12.1"}]
["Fonte: Secretaria de Agricultura e Abastecimento, CDRS/IEA, Projeto LUPA."]
[]
["TABELA 90.5 - Área Cultivada, Município de Brodowski, Estado de São Paulo, 2007/08."]
["CULTURA","N.DE UPAs","MÍNIMO","MÉDIO","MÁXIMO","TOTAL"]
["Cana-de-acucar",268,0.1,{"v":53.71,"d":"53.7"},{"v":1922.2,"d":"1,922.2"},{"v":14394.5,"d":"14,394.5"}]
["Braquiaria",256,0.2,{"v":27.62,"d":"27.6"},411.2,{"v":7070.4,"d":"7,070.4"}]
["Cafe",133,0.3,{"v":7.24,"d":"7.2"},{"v":70,"d":"70.0"},962.9]
["Milho",73,0.3,{"v":4.54,"d":"4.5"},16.9,331.7]
["Capim-jaragua",3,{"v":4,"d":"4.0"},{"v":69.93,"d":"69.9"},172.3,209.8]
["Eucalipto",18,0.1,{"v":10.81,"d":"10.8"},149.7,194.6]
["Soja",8,4.8,{"v":21.74,"d":"21.7"},{"v":60,"d":"60.0"},173.9]
["Capim-napier (ou capim-elefante)",16,0.4,{"v":8.92,"d":"8.9"},77.2,142.7]
["Abacate",20,0.2,{"v":7.13,"d":"7.1"},27.2,142.6]
["Gramas",21,0.5,{"v":5.31,"d":"5.3"},13.2,111.6]
["Outras gramineas para pastagem",7,0.1,{"v":7.61,"d":"7.6"},19.1,53.3]
["Manga",15,0.1,{"v":2.42,"d":"2.4"},7.9,36.3]
["Amendoim",1,{"v":30,"d":"30.0"},{"v":30,"d":"30.0"},{"v":30,"d":"30.0"},{"v":30,"d":"30.0"}]
["Jilo",17,0.1,{"v":1.24,"d":"1.2"},{"v":4,"d":"4.0"},{"v":21,"d":"21.0"}]
["Milho Safrinha",3,2.5,{"v":5.03,"d":"5.0"},7.8,15.1]
["Limao",12,0.5,{"v":1.24,"d":"1.2"},4.6,14.9]
["Couve-flor",9,0.5,{"v":1.48,"d":"1.5"},{"v":4,"d":"4.0"},13.3]
["Banana",4,0.6,{"v":3.33,"d":"3.3"},{"v":8,"d":"8.0"},13.3]
["Pomar domestico",9,0.5,{"v":1.39,"d":"1.4"},{"v":2,"d":"2.0"},12.5]
["Berinjela",9,0.5,{"v":1.24,"d":"1.2"},2.7,11.2]
["Sorgo",1,{"v":10,"d":"10.0"},{"v":10,"d":"10.0"},{"v":10,"d":"10.0"},{"v":10,"d":"10.0"}]
["Alface",13,0.1,{"v":0.69,"d":"0.7"},1.5,{"v":9,"d":"9.0"}]
["Mandioca",6,0.3,{"v":1.12,"d":"1.1"},{"v":2,"d":"2.0"},6.7]
["Outras olericolas",1,{"v":5,"d":"5.0"},{"v":5,"d":"5.0"},{"v":5,"d":"5.0"},{"v":5,"d":"5.0"}]
["Laranja",3,0.5,{"v":1.63,"d":"1.6"},3.6,4.9]
["Tomate envarado",1,4.8,4.8,4.8,4.8]
["Couve (ou couve-crespa)",3,0.5,{"v":1.13,"d":"1.1"},2.1,3.4]
["Abobora (ou jerimum)",4,0.5,{"v":0.63,"d":"0.6"},{"v":1,"d":"1.0"},2.5]
["Caja-manga",1,2.4,2.4,2.4,2.4]
["Tangerina",2,0.7,{"v":0.85,"d":"0.9"},{"v":1,"d":"1.0"},1.7]
["Chuchu",1,1.1,1.1,1.1,1.1]
["Uva para Indústria",1,0.5,0.5,0.5,0.5]
["Brocolos (ou brocolis)",1,0.5,0.5,0.5,0.5]
["Fonte: Secretaria de Agricultura e Abastecimento, CDRS/IEA, Projeto LUPA."]